000
00331nam a2200145Ia 4500
008
191201s2019 xx 000 0 und d
082
_a
658
_b
MAE
100
_a
MASSIE, Joseph L
245
0
_a
Essentials of Management
250
_a
Rep
260
_a
N.Delhi
_b
Prentice Hall
300
_a
301
650
_a
MBA
942
_2
ddc
_c
BK
_0
2
999
_c
5366
_d
5366